| 000 | 00422nam a22001697a 4500 | ||
|---|---|---|---|
| 003 | koha_MIRAKIL | ||
| 005 | 20241018090006.0 | ||
| 008 | 231213b |||||||| |||| 00| 0 ||| d | ||
| 040 |
_aTR-IsEVY _btur _cTR-IsEVY |
||
| 082 | _a612.3 DOE/C | ||
| 100 | _aDOEDEN, MATT. | ||
| 245 | 0 |
_aEAT RIGHT _bHOW CAN MAKE GOOD FOOD CHOICES. |
|
| 260 |
_bLerner, _c2009 |
||
| 300 | _a64. | ||
| 650 | _aİngiliz Dili. | ||
| 942 |
_2ddc _cBK |
||
| 999 |
_c5444 _d5444 |
||